00666nam a22001457a 4500008004100000020001500041050002800056245028200084260003400366300002000400440003500420700002400455700001700479800002400496180815b xxu||||| |||| 00| 0 eng d a0406092974 aKD277.7.L39(1913 vol.1) aThe Law Reports (1902 vol.2) of the incorporated council of law reporting. King's Bench Division and on appeal therefrom in the Court of Appeal, decisions on crown cases reserved and decisions of the Railway and Canal Commission. /cEdited by Frederick Pollock and A. P Stone. aLondon:bButterworth.,c1913. axv,642p.:c24cm pKing's Bench division.vvol.1. aPollock, Frederick  aStone, A. P  aPollock, Frederick.